00772nam a22002057a 450000500170000001000150001702000260003203500140005803700130007208200110008510000230009624500890011926000390020827000820024730000270032950000440035694200250040099900190042595201220044420180416161623.0 aENG-122588 a9789352800391c995.00 aEN-106120 bDBAD/PUB a333.91 aSchmidt, Jeremy J. aWater abundance scarcity and security in the age of humanity /cby Jeremy J. Schmidt aNew DelhibSage Publicationsc2017 aB-1/I-1, Mohan Cooperative Industrial Area, Mathura Road, bNew Delhie110044 a308p.c22cm.(Hb)bill. aIt include note, bibliography and index 2ddccENmSCHh333.91 c151250d151250 001040718NFICaDBADbLd2018-04-16eDBAD/PUBg995.00l0o333.91 SCHpEN-106120r2018-04-16 00:00:00t1v995.00yEN